[Event "Ivrea op 14th"]
[Site "Ivrea"]
[Date "2008.03.15"]
[Round "2"]
[White "Paonessa, Denis"]
[Black "Mazzeschi, Marco"]
[Result "0-1"]
[WhiteElo "1960"]
[BlackElo "1552"]
[PlyCount "130"]
[EventDate "2008.03.14"]
[EventType "swiss"]
[EventRounds "5"]
[EventCountry "ITA"]
[SourceTitle "EXT 2011"]
[Source "ChessBase"]
[SourceDate "2010.11.26"]
[SourceVersion "1"]
[SourceVersionDate "2010.11.26"]
[SourceQuality "1"]

1. d4 Nf6 2. Bg5 e6 3. e4 Be7 4. Bd3 h6 5. Bxf6 Bxf6 6. e5 Be7 7. Qg4 g6 8. h4 h5 9. Qg3 c5 10. Nf3 cxd4 11. Nxd4 Qb6 12. Nb3 d6 13. N1d2 Nc6 14. Nc4 Qd8 15. exd6 Bf6 16. 0-0-0 Bd7 17. f4 Bg7 18. Ne5 Qf6 19. Rhe1 Nxe5 20. fxe5 Qd8 21. Rf1 0-0 22. Kb1 Qb6 23. Qg5 a5 24. Rf6 a4 25. Nd2 a3 26. Nc4 Qb4 27. c3 Qc5 28. Qd2 axb2 29. Re1 b5 30. Nxb2 Qd5 31. Nd1 Rxa2 32. Qxa2 Qxd3+ 33. Qc2 Qxc2+ 34. Kxc2 Bxf6 35. exf6 Ra8 36. Nb2 Ra6 37. Rd1 Kf8 38. Rd4 Ke8 39. Kb3 Bc6 40. Nd3 Bd5+ 41. Rxd5 exd5 42. d7+ Kd8 43. Nc5 Rxf6 44. Kb4 Rf4+ 45. Kxb5 Rf6 46. g3 Kc7 47. c4 dxc4 48. Kxc4 Rf3 49. Nd3 Rxd3 50. Kxd3 Kxd7 51. Ke4 Ke6 52. Kf4 Kf6 53. g4 hxg4 54. Kxg4 Kg7 55. Kg5 f6+ 56. Kg4 Kh6 57. Kf4 f5 58. Kf3 Kh5 59. Kg3 f4+ 60. Kh3 f3 61. Kg3 f2 62. Kxf2 Kxh4 63. Kg1 Kg3 64. Kf1 g5 65. Kg1 g4 0-1